000
00287nam a2200109Ia 4500
008
220204s9999 xx 000 0 und d
082
_a
3-055.2(-202)
_b
NEL
100
_a
Nelson, N
245
0
_a
Why has development neglected rural women
260
_a
New York
_b
Pergamon
_c
1979
942
_c
BK
999
_c
34843
_d
34843